00911nam a22002177a 4500003000400000005001700004008004100021020001800062040000900080111009500089245017200184260006400356300001100420650003500431700003900466700003700505700003400542942001300576999001500589952008900604OSt20130503125644.0130503s2012 sp ||||| |||| 10| 0 spa d a9788461575213 cCDMR2 93329aCongreso internacional de Prensa y Periodismo especializadocGuadalajarad2010n5è1 aPrensa y periodismo especializado VcJuan José Fernández Sanz, Ángel Luis Rubio Moraga, Carlos Sanz Establés (editores)b: [Guadalajara, 6 y 7 de mayo de 2010] aGuadalajarabAsociación de la Prensa de Guadalajarac2012 a558 p.0493330aPeriodisme especialitzat1 9505aFernández Sanz, Juan José1 93331aRubio Moraga, Ángel Luis1 93332aSanz Establés, Carlos 2udccMON c6177d6177 00104070aCDMRbCDMRd2013-01-16l0oBcpCDMR13056319r2013-05-03w2013-05-03yMON